MetaMaus.
Guardat en:
| Autor principal: | |
|---|---|
| Format: | Llibre |
| Publicat: |
Barcelona, España:
Reservaoir Books,
2012.
|
| Edició: | Primera edición. |
| Matèries: | |
| Etiquetes: |
Afegir etiqueta
Sense etiquetes, Sigues el primer a etiquetar aquest registre!
|
MARC
| LEADER | 00000nam a22000007a 4500 | ||
|---|---|---|---|
| 003 | CL-VaPUC | ||
| 005 | 20250321101916.0 | ||
| 008 | 250113t2012 ||||| |||| 00| 0 spa d | ||
| 999 | |c 446456 |d 446454 | ||
| 020 | |a 978-84-397-2542-8 | ||
| 040 | |c Pontificia Universidad Católica de Valparaíso | ||
| 082 | |a 741.56973 SPI 2012 | ||
| 100 | |9 605178 |a Spiegelman, Art |e autor | ||
| 245 | |a MetaMaus. | ||
| 250 | |a Primera edición. | ||
| 260 | |a Barcelona, España: |b Reservaoir Books, |c 2012. | ||
| 300 | |a 299 páginas; |b ilustraciones, fotografías. | ||
| 500 | |a c.1.-c.3. Instituto Arcos. 08-01-2025. | ||
| 583 | |c 20250113 |k Gabriela Rodríguez Cuevas | ||
| 600 | 0 | |9 605178 |a Spiegelman, Art |d 1948- |e Historietista |v Biografía |z Estados Unidos | |
| 650 | 0 | |9 882580 |a Holocausto judío |x Sobrevivientes |v Biografías |z Polonia | |
| 650 | 0 | |9 369533 |a Historietas |x Holocausto judío | |
| 942 | |2 ddc |c BK |n 0 | ||
| 952 | |0 0 |1 0 |2 ddc |4 0 |6 741_569730000000000_SPI_2012 |7 0 |9 599171 |a BIBINC |b BIBINC |c GEN |d 2025-01-13 |e Instituto Arcos |i 5663979 |l 1 |m 2 |o 741.56973 SPI 2012 |p 5663979 |r 2025-05-07 |s 2025-04-17 |t 1 |w 2025-01-13 |y BK |k IFP | ||
| 952 | |0 0 |1 0 |2 ddc |4 0 |6 741_569730000000000_SPI_2012 |7 0 |9 599382 |a BIBINC |b BIBINC |c GEN |d 2025-01-13 |e Instituto Arcos |i 5664376 |l 1 |m 1 |o 741.56973 SPI 2012 |p 5664376 |r 2025-04-07 |s 2025-03-25 |t 2 |w 2025-01-13 |y BK |k IFP | ||
| 952 | |0 0 |1 0 |2 ddc |4 0 |6 741_569730000000000_SPI_2012 |7 0 |9 599384 |a BIBINC |b BIBINC |c GEN |d 2025-01-15 |e Instituto Arcos |i 5664218 |o 741.56973 SPI 2012 |p 5664218 |r 2025-01-15 |t 3 |w 2025-01-15 |y BK |k IFP | ||